000 00491nam a2200169Ia 4500
999 _c1167
_d1167
003 OSt
005 20200922142124.0
008 190216s9999||||xx |||||||||||||| ||und||
040 _coclc
082 _a581.1
_bRAO/O
100 _aRao, K N
_94816
245 0 _aOutlines Of Plant Physiology /
_cK N Rao ; T S Partha ; G Sudhakara Rao
260 _bS Chand & Co,
_c1969.
_aNew Delhi:
300 _a450p
650 _aBotany
942 _cBK
_2ddc
_h581.1
_iRAO/O
_k581.1
_mRAO/O